=LDR 00000nam 2200000 4500 =001 INLIS000000000021337 =005 20130612120213 =008 ***********************************Ind** =035 ##$$0010-061300000021337 =041 ##$$a Ind =082 ##$$a 658 =090 ##$$a 658, Lun m =100 ##$$a Lundy, James L =245 ##$$a Memimpin, Mengikuti, atau Menyingkir , Strategi Kepemimpin untuk Manajer yang Ultra Modern, James L Lundy; alih bahasa: F.X. Budiyanto =300 ##$$a 86 hlm, Ilus, 24 cm =650 ##$$a Manajemen =700 ##$$a Budiyanto, F.X =850 ##$$a NBPNMAT